Angličtina pro samouky /

Gespeichert in:
Bibliographische Detailangaben
Hauptverfasser: Kollmannová, Ľudmila (Verfasst von), Bubeníková, Libuše (Verfasst von), Kopecká, Alena (Verfasst von)
Format: Buch
Sprache:Mehrsprachig
Veröffentlicht: Praha : Státní pedagogické nakladatelství, 1983
Schriftenreihe:Edice: Učebnice pro samouky
Tags: Tag hinzufügen
Keine Tags, Fügen Sie das erste Tag hinzu!

MARC

LEADER 00000nam a22000003a 4500
001 stu143311
005 20150617225951.8
008 070717s1983----cs------------------mul-d
040 |a STU  |b slo 
041 0 |a mul 
044 |a cs 
080 |a 802.0:380/382  |7 stu_us_auth*stu18392 
100 1 |a Kollmannová, Ľudmila  |4 aut 
245 1 |a Angličtina pro samouky /  |c [aut.]Kollmannová,Ludmila, Bubeníková,Libuše, Kopecká,Alena 
260 |a Praha :  |b Státní pedagogické nakladatelství,  |c 1983 
300 |a 525 s 
700 1 |a Bubeníková, Libuše  |4 aut 
700 1 |a Kopecká, Alena  |4 aut 
830 0 |a Edice: Učebnice pro samouky 
996 |c V*26643/O-11095  |l VV16  |s P  |a 0  |w stu143311_0001